| 000 | 01009aam a2200325 i 4500 | ||
|---|---|---|---|
| 001 | 768714001 | ||
| 003 | CO-MdFUSB | ||
| 005 | 20250827095455.0 | ||
| 007 | ta | ||
| 008 | 250825t1977 -us |||| |||| 00| 0 spa d | ||
| 020 |
_a0-8254-1454 _q-7 |
||
| 040 | _cCO-MdFUSB | ||
| 041 | 0 |
_aspa _heng |
|
| 082 | 0 | 4 |
_223 _a248.844 _bM1531f |
| 100 | 1 |
_aMack, Wayne A. _eautor |
|
| 240 | _aStrengthening your marriage | ||
| 245 | 1 | 0 |
_aFortaleciendo el matrimonio : _bcómo conseguir la profunda unidad matrimonial _c/ Wayne Mack ; traducido por Sheila C. de Hussey |
| 250 | _aseptima edición | ||
| 264 | 1 |
_bPortavoz, _aGrand Rapids, MI., USA : _c[1977] |
|
| 264 | 4 | _c©1977 | |
| 300 | _a174 páginas | ||
| 336 |
_atexto _btxt _2rdacontent |
||
| 337 |
_2rdamedia _asin mediación _bn |
||
| 338 |
_2rdacarrier _avolumen _bnc |
||
| 563 | _aRústico | ||
| 650 | 7 |
_aMatrimonio _xAspectos religiosos _bCristianismo _9291 |
|
| 700 |
_aHussey, Sheila C. de, _911856 _eautor |
||
| 942 | _cBK | ||
| 945 | _aJTF-925 | ||
| 999 |
_c36183 _d36183 |
||